00530nam a2200145 i 450000100060000000300090000600500170001500700030003200800410003524501890007626000560026530000200032170000230034185200200036457211ES-MaACL20230906163532.0t|031015s1913 fr ||||1| eng d04aThe divans of the six ancient arabic poets Ennabiga, Antara, Tharafa, Zuhair, Alqama and Imruulgais chiefly according to the M.S.S. of Paris Gotha and Leyden / cedited by W. Ahlwardt. a[S.l. : bs.n., c1913] (eParis : fPaul Geuthier) a1 v. ; c24 cm.1 aAhlwardt, Wilhelm. aES-MaACLjF-798